|
|
|
|
| LEADER |
00000ny a22000003n 4500 |
| 005 |
20110530102134.0 |
| 008 |
040220s2003 sp s 001 0 spa c |
| 017 |
|
|
|a D.L. M.53782-2003
|
| 020 |
|
|
|a 8484940853
|
| 035 |
|
|
|a 580
|
| 040 |
|
|
|a SpMaUCDE
|d vLex
|
| 040 |
|
|
|a UMA.RE
|d vLex
|
| 080 |
|
|
|a 347.72.047(460)
|
| 090 |
|
|
|c 344
|d 344
|
| 100 |
1 |
|
|a Tapia Sǹchez, Mara̕ Rosa
|
| 245 |
1 |
0 |
|a Oferta pb︢lica de suscripcin̤ :
|b un enfoque contractual
|h [Recurso electrn̤ico]
|c M® Rosa Tapia Sǹchez ; prl̤ogo de Alberto Alonso Ureba
|
| 256 |
|
|
|a Servicio en ln̕ea
|
| 260 |
|
|
|a [S.l.] :
|b EDERSA,
|c D.L. 2003
|
| 300 |
|
|
|a 533 p. ;
|c 20 cm
|
| 490 |
1 |
|
|a Cuadernos mercantiles ;
|v 32
|
| 504 |
|
|
|a Bibliogr.: 509-533
|
| 506 |
1 |
|
|a Contenido solo disponible en los productos indicados
|d vLex Global
|d vLex Global (Academic Edition, excluding Law Schools)
|d vLex Global (U.S. Academic Edition, Law Schools)
|d vLex Global (U.S. Academic Edition, excluding Law Schools)
|d vLex Global (Academic Edition, Law Schools)
|
| 650 |
0 |
7 |
|a Administrativo
|2 Tesauro vLex
|
| 650 |
0 |
7 |
|a Ofertas pb︢licas de suscripcin̤ y venta de valores
|2 Tesauro vLex
|
| 740 |
0 |
|
|a vLex Libros (Servicios en ln̕ea)
|
| 830 |
|
0 |
|a Cuadernos mercantiles (Editoriales de Derecho Reunidas)
|
| 856 |
4 |
0 |
|u http://vlex.com/source/580
|z Acceso restringido
|
| 942 |
|
|
|c BOOK
|
| 999 |
0 |
|
|a Administrative law
|b Spain
|